[Event "AUTO-OPEN-1841"]
[Site "http://www.queenalice.com/game.php?id=715497"]
[Date "2010.1.17"]
[Round "1"]
[White "danbots5k"]
[Black "wolfgang"]
[Result "1-0"]
[WhiteElo "2241"]
[BlackElo "1760"]

1. d4 d5 2. Nf3 Nf6 3. Bf4 e6 4. e3 c5 5. c3 Nc6 6. Bd3 Bd6 7. Ne5 cxd4 8. exd4
O-O 9. O-O a6 10. Nd2 Qc7 11. Re1 Nd7 12. Bg3 Ncxe5 13. dxe5 Nxe5 14. Bxh7+ Kxh7
15. Qh5+ Kg8 16. Bxe5 Bxe5 17. Rxe5 f5 18. Nf3 Qf7 19. Qh4 Qf6 20. Ng5 Qg6 21.
f4 Bd7 22. Rae1 Rf6 23. R1e3 Re8 24. Rh3 Qh6 25. Qf2 Qg6 26. Qc5 Rff8 27. Qd6
Bc8 28. Rh4 Rf6 29. Qb6 Ref8 30. Qc5 Bd7 31. Re3 Rc8 32. Qd6 Rc6 33. Qxd7 1-0

[Event "AUTO-ADV-1722"]
[Site "http://www.queenalice.com/game.php?id=758790"]
[Date "2010.4.10"]
[Round "1"]
[White "boromir"]
[Black "wolfgang"]
[Result "1-0"]
[WhiteElo "1832"]
[BlackElo "1783"]

1. e4 e5 2. Nf3 Nc6 3. Nc3 Nf6 4. d3 h6 5. g3 Bb4 6. Bd2 d6 7. Bg2 Bg4 8. O-O
O-O 9. Qe1 a6 10. Nh4 Nd4 11. Qc1 Bxc3 12. Re1 Ne2+ 13. Rxe2 Bxe2 14. bxc3 Bh5
15. Nf5 g5 16. h4 Kh7 17. Bxg5 hxg5 18. Qxg5 Bg6 19. Qh6+ Kg8 20. Qg7# 1-0

[Event "AUTO-ADV-1722"]
[Site "http://www.queenalice.com/game.php?id=758791"]
[Date "2010.4.10"]
[Round "1"]
[White "wolfgang"]
[Black "boromir"]
[Result "1-0"]
[WhiteElo "1763"]
[BlackElo "1852"]

1. e4 e5 2. Nf3 d6 3. d4 Bg4 4. dxe5 Bxf3 5. gxf3 dxe5 6. Qxd8+ Kxd8 7. f4 Nc6
8. fxe5 Nxe5 9. Bg2 Be7 10. Nc3 Bb4 11. Bd2 Nc4 12. O-O-O Kd7 13. Bh3+ Kc6 14.
Rhg1 g6 15. a3 Bxc3 16. Bxc3 Nf6 17. Bxf6 Rhe8 18. Bd7+ Kb6 19. Bxe8 Rxe8 20.
Bd4+ c5 21. Bc3 Rxe4 22. Kb1 Kc6 23. Rde1 Rf4 24. Rg2 b6 25. Re8 Rh4 26. Re7 1-0

[Event "AUTO-ADV-1722"]
[Site "http://www.queenalice.com/game.php?id=758806"]
[Date "2010.4.10"]
[Round "1"]
[White "josecastroman"]
[Black "wolfgang"]
[Result "0-1"]
[WhiteElo "1821"]
[BlackElo "1744"]

1. e4 e5 2. Nf3 Nc6 3. Bc4 Nf6 4. Nc3 Nxe4 5. Bxf7+ Kxf7 6. Nxe4 Be7 7. d3 h6 8.
Be3 b6 9. Qd2 d5 10. Ng3 d4 11. Nxe5+ Nxe5 12. Bf4 Ng6 13. O-O-O Rf8 14. Ne4
Nxf4 15. Qxf4+ Kg8 16. Qd2 Bb7 17. f3 Bxe4 18. dxe4 Bg5 0-1

[Event "AUTO-ADV-1722"]
[Site "http://www.queenalice.com/game.php?id=758807"]
[Date "2010.4.10"]
[Round "1"]
[White "wolfgang"]
[Black "josecastroman"]
[Result "0-1"]
[WhiteElo "1757"]
[BlackElo "1823"]

1. e4 e5 2. Nf3 Nc6 3. Bb5 Qf6 4. c3 Bc5 5. Bxc6 dxc6 6. d4 exd4 7. cxd4 Bb6 8.
Be3 Bg4 9. e5 Qe6 10. O-O O-O-O 11. b4 Bxf3 12. gxf3 Ne7 13. Kh1 Nf5 14. Rg1
Bxd4 15. Bxd4 Rxd4 16. Qe1 Re8 17. a3 Qd5 18. Nc3 Qxf3+ 0-1

[Event "AUTO-ADV-1753"]
[Site "http://www.queenalice.com/game.php?id=771132"]
[Date "2010.5.5"]
[Round "1"]
[White "serginh0w"]
[Black "wolfgang"]
[Result "1-0"]
[WhiteElo "1780"]
[BlackElo "1748"]

1. e4 e5 2. Nf3 Nc6 3. Bc4 Bc5 4. c3 Nf6 5. d4 exd4 6. cxd4 Bb4+ 7. Nc3 Nxe4 8.
O-O Bxc3 9. d5 Bxb2 10. Bxb2 Na5 11. Qc2 1-0

[Event "AUTO-ADV-1753"]
[Site "http://www.queenalice.com/game.php?id=771133"]
[Date "2010.5.5"]
[Round "1"]
[White "wolfgang"]
[Black "serginh0w"]
[Result "0-1"]
[WhiteElo "1718"]
[BlackElo "1799"]

1. e4 c5 2. d4 cxd4 3. c3 dxc3 4. Nxc3 Nc6 5. Nf3 d6 6. Bc4 e6 7. O-O Nf6 8. Qe2
Be7 9. Rd1 e5 10. Nd5 O-O 0-1

[Event "AUTO-ADV-1753"]
[Site "http://www.queenalice.com/game.php?id=771150"]
[Date "2010.5.5"]
[Round "1"]
[White "wolfgang"]
[Black "KingHermano"]
[Result "0-1"]
[WhiteElo "1758"]
[BlackElo "1901"]

1. e4 c5 2. d4 e6 3. e5 a6 4. Nf3 h6 5. Be3 Nc6 6. c3 d6 7. exd6 Bxd6 8. Bd3
cxd4 9. Nxd4 Bd7 10. O-O Nge7 11. Nd2 Qc7 12. N4f3 g5 13. Qc2 g4 14. Ne1 Bxh2+
0-1

[Event "AUTO-ADV-1753"]
[Site "http://www.queenalice.com/game.php?id=771151"]
[Date "2010.5.5"]
[Round "1"]
[White "KingHermano"]
[Black "wolfgang"]
[Result "1-0"]
[WhiteElo "1890"]
[BlackElo "1769"]

1. e4 e5 2. Nf3 Nc6 3. Bc4 Bc5 4. d3 Nf6 5. Ng5 d5 6. Bxd5 Nxd5 7. exd5 Qxd5 8.
O-O O-O 9. Qh5 Bf5 10. a3 Qd7 11. Be3 Bxe3 12. fxe3 Bg6 13. Qf3 Rad8 14. Nc3 1-0

[Event "AUTO-ADV-1753"]
[Site "http://www.queenalice.com/game.php?id=771152"]
[Date "2010.5.5"]
[Round "1"]
[White "wolfgang"]
[Black "axelsun"]
[Result "0-1"]
[WhiteElo "1725"]
[BlackElo "1950"]

1. e4 e5 2. Nf3 Nc6 3. Bb5 a6 4. Ba4 b5 5. Bb3 Bc5 6. d3 Nf6 7. Bd2 d6 8. Nc3
Bb7 9. Ng5 O-O 10. O-O Nd4 11. Bxf7+ Rxf7 12. Nxf7 Kxf7 13. a3 Bc8 0-1

[Event "AUTO-ADV-1753"]
[Site "http://www.queenalice.com/game.php?id=771153"]
[Date "2010.5.5"]
[Round "1"]
[White "axelsun"]
[Black "wolfgang"]
[Result "1-0"]
[WhiteElo "1942"]
[BlackElo "1733"]

1. Nf3 d5 2. d4 Nf6 3. c4 c6 4. Nc3 e6 5. Bg5 Nbd7 6. e4 dxe4 7. Nxe4 Be7 8. Bd3
O-O 9. O-O b6 10. Qc2 Bb7 11. Rad1 h6 12. Bh4 1-0

[Event "AUTO-ADV-4321"]
[Site "http://www.queenalice.com/game.php?id=1606288"]
[Date "2020.4.6"]
[Round "1"]
[White "Cautor"]
[Black "wolfgang"]
[Result "1-0"]
[WhiteElo "1935"]
[BlackElo "1692"]

1. d4 d5 2. Bf4 Nf6 3. e3 Nc6 4. Nd2 e6 5. c3 Nh5 6. Qxh5 g6 7. Qg5 f6 8. Qh4 h5
9. Qg3 Ne7 10. Bxc7 Qd7 11. a4 Nf5 12. Qxg6+ 1-0

[Event "AUTO-ADV-4321"]
[Site "http://www.queenalice.com/game.php?id=1606289"]
[Date "2020.4.6"]
[Round "1"]
[White "wolfgang"]
[Black "Cautor"]
[Result "0-1"]
[WhiteElo "1699"]
[BlackElo "1928"]

1. e4 c5 2. Nf3 e6 3. e5 a6 4. c3 Nc6 5. d4 cxd4 6. cxd4 Bb4+ 7. Nc3 Nge7 8. a3
Ba5 9. Bc4 b5 10. Bd3 Nd5 11. Qc2 b4 0-1

[Event "AUTO-ADV-4321"]
[Site "http://www.queenalice.com/game.php?id=1606298"]
[Date "2020.4.6"]
[Round "1"]
[White "wolfgang"]
[Black "junipero"]
[Result "0-1"]
[WhiteElo "1709"]
[BlackElo "1968"]

1. e4 c5 2. Nc3 Nc6 3. g3 d6 4. Bg2 e5 5. h4 Nf6 6. d3 Bg4 7. f3 Be6 8. Bh3 Bxh3
9. Nxh3 h6 10. Bd2 Be7 11. Qe2 Nd4 12. Qd1 O-O 0-1

[Event "AUTO-ADV-4321"]
[Site "http://www.queenalice.com/game.php?id=1606299"]
[Date "2020.4.6"]
[Round "1"]
[White "junipero"]
[Black "wolfgang"]
[Result "1-0"]
[WhiteElo "1962"]
[BlackElo "1715"]

1. d4 d5 2. c4 e6 3. Nc3 Nf6 4. e3 Bb4 5. a3 Bxc3+ 6. bxc3 c5 7. cxd5 Qxd5 8.
Nf3 a6 9. Be2 Nbd7 10. O-O c4 11. a4 O-O 12. Ba3 Re8 13. Nd2 Nb6 14. a5 Nbd7 15.
Bxc4 1-0

[Event "AUTO-OPEN-4158"]
[Site "http://www.queenalice.com/game.php?id=1606454"]
[Date "2020.4.7"]
[Round "1"]
[White "jupar"]
[Black "wolfgang"]
[Result "1-0"]
[WhiteElo "2111"]
[BlackElo "1719"]

1. e4 e5 2. Nf3 Nc6 3. c3 Bc5 4. d4 exd4 5. cxd4 Bb6 6. Nc3 d6 7. h3 h6 8. Be3
Nf6 9. a3 O-O 10. Bd3 Bd7 11. Qc2 1-0

[Event "AUTO-OPEN-4158"]
[Site "http://www.queenalice.com/game.php?id=1606455"]
[Date "2020.4.7"]
[Round "1"]
[White "wolfgang"]
[Black "jupar"]
[Result "0-1"]
[WhiteElo "1717"]
[BlackElo "2112"]

1. e4 e5 2. Nf3 Nc6 3. Bc4 Nf6 4. d3 Bc5 5. c3 a5 6. a4 d6 7. b4 axb4 8. cxb4
Bxb4+ 9. Nbd2 Bg4 10. Qb3 O-O 0-1